000 00631nam a2200157 i 4500
001 153579
003 ES-MaACL
005 20230906205307.0
008 050708s1865 be |||| | fre d
100 1 _aDucpetiaux, Edouard.
_945849
245 1 0 _aSystème cellulaire
_b: réforme des prisons /
_cpar Ed. Ducpetiaux.
260 _aBruxelles :
_bVictor Devaux et cie., 1865 (
_fImp. J. Dauby)
300 _a28 p. ;
_c23 cm.
650 4 _aEstablecimientos penitenciarios-
_zBélgica.
_9143325
852 _aES-MaACL
_jD-165(9)
_z- Enc. hol.
_z. - Donativo Lastres
_z- Encuadernado en vol. facticio, en el lomo: Estudios penitenciarios, 5
999 _c153579
_d153579